Danske musikeres mest streamede sang 1-5 - Statistics

General Stats
  • This quiz has been taken 6 times
    5 since last reset
  • The average score is 63 of 125
Answer Stats
Hint Answer % Correct
Lukas Graham 7 Years
100%
Aqua Barbie Girl
100%
Nanna Buster
100%
Shu-Bi-Dua Danmark
100%
TV-2 De Første Kærester På Månen
100%
Rollo & King Der står et billede af dig på mit bord
100%
Sukkerchok Det Det
100%
Mumle Det Modsatte
100%
Johnny Deluxe Drenge Som Mig
100%
Volbeat For Evigt
100%
Tommy Seebach Hip Hurra - Det' Min Fødselsdag
100%
Topgunn Kongens Have
100%
Sys Bjerre Malene
100%
Gulddreng Model
100%
Blak Nede Mette
100%
Thomas Holm Nitten
100%
Kim Larsen Papirsklip
100%
D-A-D Sleeping My Day Away
100%
Lord Siva Solhverv
100%
Rasmus Nøhr Sommer i Europa
100%
Thomas Helmig Stupid Man
100%
Bro Sydpå
100%
Ida Laurberg Terrier
100%
Shaka Loveless Tomgang
100%
Marie Key Uden Forsvar
100%
The Minds of 99 Under Din Sne
100%
Niklas Veninder
100%
Birthe Kjær Vi Maler Byen Rød
100%
Bamses Venner Vimmersvej
100%
Basim Cliche Love Song
75%
One Two Den bedste tid
75%
Guldimund Det' kun vigtigt, hvad det er
75%
LOC Frk. Escobar
75%
Nik og Jay Hot!
75%
Tøsedrengene Indianer
75%
Rugsted & Kreutzfeldt Jeg ved det godt
75%
Blæst Juice
75%
Mc Einar Jul Det' Cool
75%
Tobias Rahim Mucki Bar
75%
Tim Christensen Right Next to the Right One
75%
Poul Krebs Sådan Nogen Som Os
75%
APHACA Smelter Under Månen
75%
Gnags Vilde Kaniner
75%
Cisilia Vi To Datid Nu
75%
Scarlet Pleasure What A Life
75%
Rocazino All My Love
50%
Big Fat Snake Bonsoir Madame
50%
Xander Linnet Det Burde Ikk Være Sådan Her
50%
Alphabeat Fascination
50%
På Slaget 12 Hjem Til Århus
50%
Flemming Bamse Jørgensen Hvorfor Går Louise Til Bal?
50%
Laban Hvor ska' vi sove i nat?
50%
Mads Langer I En Stjerneregn Af Sne
50%
Nephew Igen & Igen &
50%
Skinz Jeg har en pige
50%
Back To Back Jonathan
50%
Lars Lilholt Band Kald det kærlighed
50%
Annika Knuser Hjerter
50%
KESI Kom Over
50%
Danseorkestret Kom Tilbage Nu
50%
Lis Sørensen Mine Øjne De Skal Se
50%
Jasmin Mit Rette Element
50%
Rasmus Seebach Natteravn
50%
Ukendt Kunstner Neonlys
50%
John Mogensen Så Længe Jeg Lever
50%
Dizzy Mizz Lizzy Silverflame
50%
LIGA Skylder Dig Ik' Noget
50%
FOOL Strapped
50%
Anne Linnet Tusind Stykker
50%
Johnny Madsen Udenfor Sæsonen
50%
Dodo & the Dodos Vågner I Natten
50%
Hej Matematik Walkmand
50%
Outlandish Aicha
25%
Tina Dickow Alt Hvad Hun Ville Var At Danse
25%
Phlake Angel Zoo
25%
Panamah Børn Af Natten
25%
Calby Burnout
25%
Jimilian Damer på lager
25%
Benjamin Hav Den Dejligste Boy
25%
Puls Dope
25%
Barbara Moleko Dum For Dig
25%
Lars HUG Elsker dig for evigt
25%
Albert Dyrlund Emoji
25%
Final Song
25%
andreas odbjerg føler mig selv 100
25%
Suspekt Gonzo
25%
Sanne Salomonsen Hjem
25%
Medina Jalousi
25%
Ray Dee Ohh Jeg Vil La' Lyset Brænde
25%
Sort Sol Let Your Fingers Do The Walking
25%
Julias Moon Lipstick Lies
25%
Magtens Korridorer Milan Alle
25%
Nabiha Mind The Gap
25%
NOAH Over Byen
25%
Lizzie Ramt I Natten
25%
Sebastian Romeo
25%
Citybois Sig Mig
25%
Joey Moe Smukkest På En Søndag
25%
Den Gale Pose Spændt Op Til Lir
25%
Sneakers Sui-Sui
25%
Laid Back Sunshine Reggae
25%
Gasolin This Is My Life
25%
Carpark North Transparent and Glasslike
25%
Wafande Uartig
25%
Gilli Vai Amor
25%
Oh Land White Nights
25%
Natasja Calabria 2008
0%
Noah Carter Come Alive
0%
Me & My Dub-I-Dub
0%
PATINA Flammer Rammer
0%
Bo Evers Fred
0%
Quadron Hey Love
0%
Danser med Drenge Hvorlænge vil du ydmyge dig?
0%
News Jeg Elsker Dig
0%
Burhan G Kalder Mig Hjem
0%
Trentemøller Miss You
0%
Junior Senior Move Your Feet
0%
Christopher My Heart
0%
Private My Secret Lover
0%
Nicklas Sahl New Eyes
0%
Sko/Torp On A Long Lonely Night
0%
Safri Duo Played-A-Live
0%
Erann DD Still Believing
0%
Det Brune Punktum Vi skal ud i det blå
0%
Cartoons Witch Doctor
0%
No matching quizzes found
Score Distribution
Percent of People with Each Score
Percentile by Number Answered
Your Score History
You have not taken this quiz since the last reset